| 000 | 00644cam a2200229 a 4500 | ||
|---|---|---|---|
| 001 | 18369 | ||
| 003 | BD-RjUL | ||
| 005 | 20211209000256.0 | ||
| 008 | 140220t19621961enk 000 1 eng | ||
| 035 | _a(BD-RjUL)18427 | ||
| 040 |
_aDLC _cDLC _dDLC _dBD-RjUL _beng |
||
| 041 | _aeng | ||
| 082 |
_a823.9 _bSAF 1962 |
||
| 100 | 1 |
_aSalinger, J. D. _q(Jerome David), _d1919-2010. _956574 |
|
| 245 | 1 | 0 |
_aFranny and Zooey / _cJ.D. Salinger. |
| 260 |
_aLondon : _bHeinemann, _cc1961 [1962]. |
||
| 300 |
_a201 p. ; _c21 cm. |
||
| 650 | 0 |
_aNew York (N.Y.) --Fiction. _956575 |
|
| 942 |
_2ddc _cBK |
||
| 999 |
_c18369 _d18369 |
||